000 00375nam a22001697a 4500
005 20260407161043.0
008 160627b xxu||||| |||| 00| 0 eng d
020 _a0-099-28482-0
041 _aeng
082 _a823.914
100 _a Coetzee, J.N
_92878
245 _aDisgrace
260 _bRupa
_c1999
300 _a220
650 _aenglish fiction
_98925
942 _cBK
999 _c4172
_d4171